Normal view
MARC view
Entry Personal Name
001 - CONTROL NUMBER
- control field: 1237285
003 - CONTROL NUMBER IDENTIFIER
- control field: OSt
005 - DATE AND TIME OF LATEST TRANSACTION
- control field: 20260430150352.0
008 - FIXED-LENGTH DATA ELEMENTS
- fixed length control field: 260430|| aca||aabn | a|a d
040 ## - CATALOGING SOURCE
- Original cataloging agency: OSt
- Transcribing agency: OSt
100 ## - HEADING--PERSONAL NAME
- Personal name: Chandra Manisha Au.; A. Malathi Gu
670 ## - SOURCE DATA FOUND
- Source citation: Work cat.: (OSt)1849622: Chandra Manisha Au.; A. Malathi Gu., Mental Health of Mountain Communities: A Study of Services, Perception and Coping, 2022
